[Event "FRA-ch Blitz Online Qual"]
[Site "Europe Echecs INT"]
[Date "2020.05.16"]
[Round "13"]
[White "Anas, Raphael"]
[Black "Bourgeois, Ludovic"]
[Result "0-1"]
[WhiteElo "1421"]
[BlackElo "1748"]
[PlyCount "36"]
[EventDate "2020.05.16"]
[EventType "swiss (blitz)"]
[EventRounds "15"]
[EventCountry "FRA"]
[SourceTitle "CBM 196 Extra"]
[Source "ChessBase"]
[SourceDate "2020.07.31"]
[SourceVersion "1"]
[SourceVersionDate "2020.07.31"]
[SourceQuality "1"]

1. e4 g6 2. d4 Bg7 3. Nf3 c5 4. c3 cxd4 5. cxd4 d5 6. e5 Nc6 7. Nc3 Bg4 8. h3 Bxf3 9. gxf3 e6 10. Bd3 Nge7 11. Be3 0-0 12. Qd2 Qb6 13. Bc2 Nb4 14. h4 Nxc2+ 15. Qxc2 h5 16. Qd2 Nf5 17. Bg5 Nxd4 18. Bh6 Nxf3+ 0-1

[Event "FRA-ch Blitz Online Qual"]
[Site "Europe Echecs INT"]
[Date "2020.05.16"]
[Round "2"]
[White "Bourgeois, Ludovic"]
[Black "Gouja, Wissem"]
[Result "0-1"]
[WhiteElo "1748"]
[BlackElo "1346"]
[PlyCount "96"]
[EventDate "2020.05.16"]
[EventType "swiss (blitz)"]
[EventRounds "15"]
[EventCountry "FRA"]
[SourceTitle "CBM 196 Extra"]
[Source "ChessBase"]
[SourceDate "2020.07.31"]
[SourceVersion "1"]
[SourceVersionDate "2020.07.31"]
[SourceQuality "1"]

1. d4 Nf6 2. Nf3 g6 3. e3 Bg7 4. Be2 0-0 5. 0-0 d5 6. Nbd2 c6 7. c3 Bf5 8. h4 Nbd7 9. Ng5 h6 10. Ngf3 Ne4 11. Nxe4 Bxe4 12. Nd2 Bf5 13. g4 Be4 14. Nxe4 dxe4 15. Qc2 e5 16. Qxe4 Qxh4 17. Qg2 Rfe8 18. Bc4 Nf6 19. Be2 exd4 20. cxd4 Nd5 21. e4 Bxd4 22. exd5 Rxe2 23. Qf3 Rae8 24. Bf4 R2e4 25. Bg3 Qxg4 26. Qxg4 Rxg4 27. Rae1 Rxg3+ 28. Kh2 Rxe1 29. Rxe1 Rg5 30. Re8+ Kg7 31. d6 Rd5 32. Rd8 Be5+ 33. Kg2 Rxd6 34. Rxd6 Bxd6 35. Kf3 Kf6 36. Ke4 Ke6 37. f3 h5 38. b3 h4 39. Ke3 h3 40. Kf2 Kf5 41. a4 h2 42. Kg2 a5 43. b4 axb4 44. a5 b3 45. a6 bxa6 46. f4 Bxf4 47. Kh1 b2 48. Kg2 h1Q+ 0-1

[Event "FRA-chT2 0910"]
[Site "France"]
[Date "2009.12.12"]
[Round "5.8"]
[White "Tatard, Marie"]
[Black "Bourgeois, Ludovic"]
[Result "0-1"]
[WhiteElo "1882"]
[BlackElo "1740"]
[PlyCount "80"]
[EventDate "2009.09.27"]
[EventType "team-tourn"]
[EventRounds "11"]
[EventCountry "FRA"]
[SourceTitle "EXT 2011"]
[Source "ChessBase"]
[SourceDate "2010.11.26"]
[SourceVersion "1"]
[SourceVersionDate "2010.11.26"]
[SourceQuality "1"]

1. e4 c6 2. d4 d5 3. e5 c5 4. c3 Nc6 5. Nf3 Bg4 6. Be2 e6 7. h3 Bxf3 8. Bxf3 Qb6 9. 0-0 cxd4 10. cxd4 Nxd4 11. Nc3 Nxf3+ 12. Qxf3 Ne7 13. Qe2 a6 14. Rd1 Ng6 15. Kh1 Bc5 16. Na4 Qc7 17. Nxc5 Qxc5 18. f4 Ne7 19. Be3 Qa5 20. Qf2 Rc8 21. a3 0-0 22. Rac1 Nf5 23. Bc5 Rfd8 24. g4 Nh6 25. Rc2 Qa4 26. Rd4 Qc6 27. Rd3 b6 28. Rdd2 bxc5 29. Kh2 Qb5 30. Rd1 Kf8 31. Qf3 Qa4 32. Rdc1 c4 33. Qf2 Qd7 34. Qd4 Qe7 35. Kg3 Qc5 36. Qc3 Rc7 37. b4 Qb6 38. Rd1 Rcd7 39. Rcd2 Rc8 40. Rc1 Rb8 0-1